000 00713nam a2200205Ia 4500
003 GCL
008 140319s9999 xx 000 0 ara d
040 _aGCL /
_cGCL
082 0 4 _a811.2
_bا د
100 1 _aجران العود، عامر بن الحارث
245 1 0 _aديوان جران العود النميرى /
_cجران العود، عامر بن الحارث
700 1 _aابى سعيد السكرى
300 _a60 ص
490 _aالهيئة العامة للاستعلامات
_v0
650 0 4 _aالشعر العربى
650 0 4 _aالادب العربى
650 0 4 _aالشعراء العرب
650 0 4 _aالشعر العربى - عصر صدر الاسلام
942 _2ddc
_cBK
999 _c51962
_d51962